000
00225nam a22000857a 4500
008
160706b xxu||||| |||| 00| 0 eng d
100
_9
2356
_a
Ray, A
245
_a
Anandi's Rainbow
260
_a
New Delhi
_b
National Book Trust
_c
2004
999
_c
2034
_d
2034